00671nam a2200193 a 450000100060000000300090000600800410001502000180005604000280007408200170010210000410011924500700016026000470023030000110027750500230028865000560031165000560036765000540042323280CO-ViMGA141112s2004 ck r 000 u spa d a9789584442437 aCO-ViMGAbspacCO-ViMGA04a372.41 C657L1 aContreras Hernandez, José Mauricio10aLeyendo y Haciendo : bpara gozarnos la lectura y la escritura \  aColombia : bGrupo Editorial Xarop, c2009 a144 p. aVol. A, B, C, D, E14aEscritura - Enseñanza Primaria - Libros de texto 14aEspañol - Enseñanza Primaria - Libros de texto 14aLectura - Enseñanza Primaria - Libros de texto